Państwa z największą ilością terytorium zależnym. - Statystyki

Ogólne statystyki
  • Ten quiz został rozwiązany 316 razy
  • Średni wynik to 6 z 8
Statystyki odpowiedzi
Ilość Państwo % Poprawnych
18 Wielka Brytania
98%
13 Francja
97%
14 Stany Zjednoczone
97%
7 Australia
77%
2 Dania
76%
6 Holandia
71%
5 Norwegia
60%
4 Nowa Zelandia
57%
Nie znaleziono quizów pasujących do podanych kryteriów
Rozkład punktacji
Procent ludzi z każdym wynikiem
Percentyl według liczby udzielonych odpowiedzi
Twoja historia wyników
Nie rozwiązałeś tego quizu